=LDR 00000nam 2200000 4500 =001 INLIS000000000005907 =005 20200309083748 =035 ##$$a 0010-061300000005907 =008 200309################g##########0#ind## =041 ##$$a Ind =082 ##$$a 121 =090 ##$$a 121, Puj t =100 ##$$a Pudjawijatna =245 1#$$a Tahu dan pengetahuan, pengantar ke ilmu dan filsafat, /$c Prof. I.R. Poedjawijatna =260 ##$$a Jakarta :$b Rineka Cipta,$c 2004 =300 ##$$a 120 hlm., ; $c 12 x 19 cm. =650 #4$$a Pengetahuan =850 ##$$a NBPNMAT =020 ##$$a 979-518-193-9 =084 ##$$a 121 PUD t =990 ##$$a 124/pro/86 =990 ##$$a 14087 =990 ##$$a 20610944 =990 ##$$a 01201901130 =990 ##$$a dw00013656